| 000 | 01375nam a2200397 c 4500 | ||
|---|---|---|---|
| 001 | 12733 | ||
| 003 | ES-MaCES | ||
| 005 | 20250207040004.0 | ||
| 008 | 010921s2001 sp l 000 | spa d | ||
| 017 |
_aNA 2253-2001 _bDL |
||
| 020 | _a8484105407 | ||
| 035 | _aCES20010014061m | ||
| 040 |
_aES-MaCES _bspa _cES-MaCES |
||
| 100 | 1 |
_aSempere Navarro, Antonio Vicente _923834 |
|
| 245 | 1 | 3 |
_aEl artículo 50 del Estatuto de los Trabajadores _cAntonio V. Sempere Navarro, Carolina San Martín Mazzucconi |
| 260 |
_aElcano (Navarra) _bAranzadi _c[2001] |
||
| 300 |
_a246 p. _c23 cm |
||
| 490 | 1 |
_aCuadernos de Aranzadi Social _v8 |
|
| 500 | _aIncluye (p. 127-241): anexos jurisprudenciales y normativos | ||
| 504 | _aBibliografía: p. 243-246 | ||
| 541 | _cGratuito | ||
| 650 | 4 |
_aterminación de la relación de trabajo _929986 |
|
| 650 | 4 |
_arenuncia _929184 |
|
| 650 | 4 |
_aindemnización _930642 |
|
| 650 | 4 |
_aEstatuto de los Trabajadores _930784 |
|
| 650 | 4 |
_areforma legislativa _929892 |
|
| 650 | 4 |
_a1995 _930872 |
|
| 650 | 4 |
_aEspaña _926964 |
|
| 650 | 4 |
_arégimen jurídico _929894 |
|
| 653 | 1 | 0 | _aDerecho del trabajo y Seguridad Social |
| 700 | 1 |
_aSan Martín Mazzucconi, Carolina _923409 |
|
| 830 | 0 |
_aCuadernos de Aranzadi Social _v8 _933350 |
|
| 902 | _aLIB Libro | ||
| 942 |
_2CES _cBK _h6.0.1. |
||
| 999 |
_c12733 _d12733 |
||